[Event "37th Rilton Cup"]
[Site "Stockholm SWE"]
[Date "2007.12.31"]
[Round "5"]
[White "Hansen,LB"]
[Black "Nithander,V"]
[Result "1-0"]
[WhiteElo "2572"]
[BlackElo "2367"]

1.d4 Nf6 2.Nf3 g6 3.c4 Bg7 4.Nc3 O-O 5.e4 d6 6.Be2 e5 7.O-O Na6 8.Re1 c6
9.Bf1 exd4 10.Nxd4 Ng4 11.h3 Qb6 12.hxg4 Qxd4 13.g5 Qxd1 14.Rxd1 Nc5 15.f3 Be5
16.Rb1 a5 17.Ne2 Be6 18.Nf4 f5 19.gxf6 Rxf6 20.Nd3 Bd4+ 21.Nf2 Be5 22.Be3 a4
23.Rd2 Rf7 24.Bh6 b5 25.cxb5 Bxa2 26.Rbd1 Bb3 27.Rc1 cxb5 28.Ng4 Ne6 29.Nxe5 dxe5
30.Bxb5 Rb8 31.Rd6 Re7 32.Bd7 Nd4 33.Rc5 Rd8 34.Rc7 Kf7 35.Bg5 Rdxd7 36.Rdxd7  1-0

[Event "37th Rilton Cup"]
[Site "Stockholm SWE"]
[Date "2007.12.31"]
[Round "5"]
[White "Kulaots,K"]
[Black "Akesson,J"]
[Result "1-0"]
[WhiteElo "2547"]
[BlackElo "2344"]

1.d4 Nf6 2.Nf3 g6 3.c4 Bg7 4.Nc3 O-O 5.e4 d6 6.Be2 e5 7.O-O Na6 8.Be3 Ng4
9.Bg5 Qe8 10.c5 exd4 11.Nd5 Nxc5 12.Nxc7 Qxe4 13.Re1 Rb8 14.Bc4 Qf5 15.Be7 Ne4
16.Bxf8 Bxf8 17.Qxd4 Ngxf2 18.Bd5 Qd7 19.Rac1 Bh6 20.Bxe4 Nxe4 21.Rxe4  1-0

[Event "TCh-ISR"]
[Site "Israel ISR"]
[Date "2008.01.04"]
[Round "2"]
[White "Kogan,Ar"]
[Black "Alexikov,A"]
[Result "1-0"]
[WhiteElo "2570"]
[BlackElo "2359"]

1.d4 Nf6 2.Nf3 g6 3.c4 Bg7 4.Nc3 O-O 5.e4 d6 6.Be2 e5 7.d5 Nbd7 8.Bg5 h6
9.Bh4 a5 10.Nd2 Nc5 11.O-O Bd7 12.b3 c6 13.a3 Qb6 14.Rb1 g5 15.Bg3 Na6 16.Re1 Qc5
17.dxc6 bxc6 18.b4 axb4 19.axb4 Qd4 20.Qc1 Qa7 21.Rd1 Rfb8 22.c5 dxc5 23.Ra1 Qb7
24.Bxe5 Rd8 25.Nc4 Nxb4 26.Nd6 Rxa1 27.Qxa1 Qa8 28.Na4 Ne8 29.Bxg7 Nxg7 30.Qf6 Be6
31.Nxc5 Ba2 32.Qxh6 Qb8 33.e5 Nd5 34.Bd3  1-0

[Event "Petrovskaya Ladya GM"]
[Site "Peterhof RUS"]
[Date "2008.01.04"]
[Round "2"]
[White "Fazulyanov,S"]
[Black "Vedmediuc,S"]
[Result "1/2-1/2"]
[WhiteElo "2354"]
[BlackElo "2410"]

1.d4 Nf6 2.c4 g6 3.Nc3 Bg7 4.e4 d6 5.Nf3 O-O 6.Be2 e5 7.Be3 h6 8.O-O Ng4
9.Bc1 Nc6 10.d5 Ne7 11.Ne1 f5 12.Bxg4 fxg4 13.Be3 g5 14.c5 Ng6 15.Rc1 Rf7
16.cxd6 cxd6 17.Qc2 Rc7 18.g3 Bd7 19.Nd3 Be8 20.Qe2 Qd7 21.a4 a6 22.Bb6 Rcc8
23.Rc2 Nf8 24.Rfc1 Nh7 25.b3 Nf6 26.Nb2 Bg6 27.Nc4 Re8 28.Ba5 Rab8 29.Bb4 Bf8
30.a5 Rbd8 31.Qe3 Qh7 32.Re2 Qd7 33.Qb6 Kh8 34.Ba3 Kg8 35.Qb4 Qg7 36.Rce1  1/2-1/2

[Event "Petrovskaya Ladya GM"]
[Site "Peterhof RUS"]
[Date "2008.01.05"]
[Round "4"]
[White "Fazulyanov,S"]
[Black "Yevseev,D"]
[Result "0-1"]
[WhiteElo "2354"]
[BlackElo "2499"]

1.d4 Nf6 2.c4 g6 3.Nc3 Bg7 4.e4 d6 5.Nf3 O-O 6.Be2 e5 7.Be3 Nbd7 8.dxe5 dxe5
9.O-O c6 10.Nd2 Qe7 11.Qa4 h5 12.f3 h4 13.b4 Nh5 14.Rfd1 Bf6 15.Kf2 Bg5 16.Nf1 f5
17.c5 Bxe3+ 18.Nxe3 Ndf6 19.Qc2 a5 20.a3 Nh7 21.Nc4 Ng5 22.h3 Nf4 23.Nd6 Be6
24.b5 Rad8 25.bxc6 bxc6 26.Rab1 Ngxh3+ 27.gxh3 Nxh3+ 28.Ke1 Qg5 29.Bf1 Qe3+
30.Ne2 Ng5 31.Bg2 fxe4 32.f4 exf4 33.Bxe4 f3 34.Bd5 Rf6 35.Ne4 f2+ 36.Nxf2 Qxf2+
37.Kd2 Bxd5  0-1

[Event "Petrovskaya Ladya GM"]
[Site "Peterhof RUS"]
[Date "2008.01.05"]
[Round "4"]
[White "Khuseinkhodzhaev,M"]
[Black "Shimanov,A"]
[Result "1/2-1/2"]
[WhiteElo "2397"]
[BlackElo "2441"]

1.d4 Nf6 2.c4 g6 3.Nc3 Bg7 4.Nf3 O-O 5.e4 d6 6.Be2 e5 7.dxe5 dxe5 8.Qxd8 Rxd8
9.Bg5 Re8 10.Rd1 Na6 11.Be3 Ng4 12.Bc1 f5 13.O-O c6 14.Rfe1 f4 15.g3 fxg3
16.hxg3 Rf8 17.b3 Bf6 18.Ba3 Rf7 19.Bd6 Nc7 20.Na4 b6 21.Nb2 Ne8 22.Ba3 a5
23.Nd3 c5 24.Bb2 Re7 25.Nd2 Nh6 26.f4 Nf7 27.Nf3 exf4 28.e5 Bg7 29.Nxf4 Bf5
30.Nd5  1/2-1/2

[Event "TCh-BEL 2007-8"]
[Site "Belgium BEL"]
[Date "2008.01.06"]
[Round "6"]
[White "Van Heirzeele,D"]
[Black "Smits,Mar"]
[Result "1-0"]
[WhiteElo "2244"]
[BlackElo "2296"]

1.d4 Nf6 2.c4 g6 3.Nc3 Bg7 4.e4 d6 5.Nf3 O-O 6.Be2 e5 7.dxe5 dxe5 8.Qxd8 Rxd8
9.Bg5 c6 10.Nxe5 Re8 11.O-O-O Na6 12.Rd6 Be6 13.f4 Nc5 14.Bf3 h6 15.Bh4 g5
16.Bf2 b6 17.g3 Nh7 18.Bxc5 bxc5 19.Rxc6 f6 20.Nd3 Bxc4 21.Nxc5 Rac8 22.Rxc8 Rxc8
23.Nb3 gxf4 24.gxf4 Nf8 25.Rg1 Kh7 26.Bg4 Be6 27.Bxe6 Nxe6 28.f5 Ng5 29.Nd4 Bf8
30.Kb1 Bc5 31.Rd1 Re8 32.Nb3 Bb6 33.Rd7+ Kh8 34.Nd2 Nh7 35.Nd5  1-0

[Event "5th TCh-Asia w"]
[Site "Visakhpatnam IND"]
[Date "2008.01.07"]
[Round "5"]
[White "Hamrakulova,Y"]
[Black "Sahajasri,C"]
[Result "1-0"]
[WhiteElo "2210"]
[BlackElo "1899"]

1.Nf3 Nf6 2.d4 g6 3.c4 Bg7 4.Nc3 d6 5.e4 O-O 6.Be2 Nbd7 7.O-O e5 8.Re1 Re8
9.Bf1 c6 10.d5 cxd5 11.cxd5 a5 12.Bb5 Rf8 13.a3 Nc5 14.Qc2 Bd7 15.Bxd7 Qxd7
16.Be3 Rfc8 17.Nd2 b5 18.Bxc5 dxc5 19.a4 b4 20.Nb5 Nh5 21.Nc4 Ra6 22.g3 Qg4
23.Qe2 Qg5 24.h4 Qe7 25.Rad1 Bf6 26.d6 Qd7 27.Nc7 Rc6 28.Nd5 Qe6 29.Nc7 Qd7
30.Rd2 Qd8 31.Red1 R6xc7 32.dxc7 Qxc7 33.Rd7 Qc6 34.R1d6 Qa8 35.Nb6  1-0

[Event "Petrovskaya Ladya GM"]
[Site "Peterhof RUS"]
[Date "2008.01.08"]
[Round "8"]
[White "Shimanov,A"]
[Black "Vedmediuc,S"]
[Result "1-0"]
[WhiteElo "2441"]
[BlackElo "2410"]

1.d4 Nf6 2.c4 g6 3.Nc3 Bg7 4.e4 d6 5.Nf3 O-O 6.Be2 e5 7.Be3 Nbd7 8.O-O c6
9.Qc2 Re8 10.d5 Ng4 11.Bg5 f6 12.Bh4 c5 13.Nd2 h5 14.Rab1 b6 15.a3 Nf8 16.h3 Nh6
17.b4 Nd7 18.Qa4 Nf7 19.Nb3 Bf8 20.Rfd1 a6 21.Nc1 Qc7 22.Qc6 Ra7 23.Nd3 Be7
24.Rb2 Bd8 25.Qa4 Rf8 26.Qc2 g5 27.Bg3 h4 28.Bh2 f5 29.exf5 Nf6 30.bxc5 bxc5
31.Bg4 Nh6 32.f3 Ne8 33.Ne4 Nxf5 34.Qd2 Qg7 35.Rb8 Rc7 36.Nxe5 dxe5 37.d6 Nfxd6
38.Nxd6 Nxd6 39.Qxd6 Bxg4 40.Rxd8  1-0

[Event "5th TCh-Asia w"]
[Site "Visakhpatnam IND"]
[Date "2008.01.09"]
[Round "7"]
[White "Zhao Xue"]
[Black "Sahajasri,C"]
[Result "1-0"]
[WhiteElo "2517"]
[BlackElo "1899"]

1.d4 Nf6 2.c4 g6 3.Nc3 Bg7 4.e4 d6 5.Nf3 O-O 6.Be2 Nbd7 7.O-O e5 8.Qc2 Re8
9.Rd1 exd4 10.Nxd4 Nc5 11.f3 a5 12.Be3 Bd7 13.Ndb5 b6 14.Qd2 Bc6 15.Bg5 Ne6
16.Bh6 Qe7 17.Bxg7 Kxg7 18.Nd5 Bxd5 19.cxd5 Nc5 20.Nd4 Nfd7 21.Bb5 Rf8 22.Re1 Qf6
23.Rac1 Rac8 24.b3 Nb8 25.a3 Nb7 26.Rc4 Qe7 27.Rec1 Kg8 28.b4 axb4 29.axb4 Nd8
30.Qc3 Qe5 31.Ne2 Qxc3 32.R1xc3 f5 33.Rxc7 Rxc7 34.Rxc7 fxe4 35.fxe4 Nf7
36.Nd4 Ne5 37.Ne6  1-0

[Event "Petrovskaya Ladya GM"]
[Site "Peterhof RUS"]
[Date "2008.01.10"]
[Round "11"]
[White "Yevseev,D"]
[Black "Vedmediuc,S"]
[Result "1/2-1/2"]
[WhiteElo "2499"]
[BlackElo "2410"]

1.d4 Nf6 2.c4 d6 3.Nc3 g6 4.e4 Bg7 5.Be2 O-O 6.Nf3 e5 7.Be3 exd4 8.Nxd4 Re8
9.f3 c6 10.Bf2 d5 11.exd5 cxd5 12.O-O Nc6 13.c5 Nh5 14.Qd2 Be5 15.g3 Ng7
16.Rfd1 Be6 17.Ncb5 a6 18.Nxc6 bxc6 19.Nd4 Bd7 20.Bf1 Nf5 21.Nxf5 Bxf5 22.Bd4 Qf6
23.Bxe5 Qxe5 24.Qd4 a5 25.Qxe5 Rxe5 26.Rac1 Rb8 27.Rd2 h5 28.Kf2 Re7 29.Be2 Reb7
30.b3 a4 31.Bd1 axb3 32.Bxb3  1/2-1/2

[Event "Petrovskaya Ladya IM"]
[Site "Peterhof RUS"]
[Date "2008.01.10"]
[Round "11"]
[White "Fedoseev,Vl3"]
[Black "Kashlinskaya,A"]
[Result "0-1"]
[WhiteElo "2247"]
[BlackElo "2276"]

1.d4 Nf6 2.c4 g6 3.Nc3 Bg7 4.e4 d6 5.Be2 O-O 6.Nf3 Na6 7.O-O e5 8.Be3 Ng4
9.Bg5 Qe8 10.h3 exd4 11.Nd5 f6 12.Bf4 Ne5 13.Nxd4 c6 14.Nc3 Nc5 15.Be3 Qf7
16.b3 f5 17.exf5 gxf5 18.Bh5 Ng6 19.Nde2 f4 20.Bd4 f3 21.Bxf3 Bxh3 22.Ng3 Ne6
23.Bxg7 Qxg7 24.Bg4 Nef4 25.Bxh3 Nxh3+ 26.gxh3 Qxc3 27.Qxd6 Nf4 28.Qd7 h5
29.Qe7 Rae8 30.Qg5+ Kh7 31.Kh2 Qf3 32.Rg1 Qxf2+ 33.Kh1 Qf3+ 34.Kh2 Re2+  0-1

[Event "XXXIII Open"]
[Site "Sevilla ESP"]
[Date "2008.01.10"]
[Round "7"]
[White "Durao,J"]
[Black "Escobar Forero,A"]
[Result "0-1"]
[WhiteElo "2152"]
[BlackElo "2461"]

1.d4 Nf6 2.c4 d6 3.Nc3 Nbd7 4.e4 e5 5.Nf3 g6 6.Be2 Bg7 7.O-O O-O 8.d5 Nc5
9.Nd2 a5 10.Qc2 Nh5 11.Bxh5 gxh5 12.Nb3 Nd7 13.Be3 b6 14.a3 Nf6 15.f3 h4
16.Bg5 h3 17.Kh1 h6 18.Bh4 Qd7 19.Rg1 Ne8 20.g4 Ba6 21.Qe2 Rc8 22.Nd2 a4
23.Rac1 f6 24.Nf1 Rb8 25.Na2 Bb7 26.Ne3 c6 27.Nc3 Ba6 28.dxc6 Qxc6 29.Ncd5 Rf7
30.Nf5 Bf8 31.Nb4 Qa8 32.Bf2 Nc7 33.Be3 Rh7 34.Rg3 d5 35.Nxa6 Qxa6 36.Rxh3 dxe4
37.fxe4 Ne6 38.Qd2 Rd8 39.Qf2 Qb7 40.Bxb6 Ng5 41.Bxd8 Nxh3 42.Qg2 Nf4 43.Qc2 Rd7
44.Bxf6 Rd2 45.Ng3 Rxc2 46.Rxc2 Qb3 47.Rf2 Qd1+ 48.Rf1 Qd2  0-1

[Event "TCh-AUT 1st Bundesliga 2007-8"]
[Site "Jenbach AUT"]
[Date "2008.01.11"]
[Round "5"]
[White "Danner,G"]
[Black "Knoll,H"]
[Result "1-0"]
[WhiteElo "2445"]
[BlackElo "2386"]

1.d4 Nf6 2.Nf3 g6 3.c4 Bg7 4.Nc3 O-O 5.e4 d6 6.Be2 e5 7.d5 a5 8.O-O Na6 9.Ne1 Bd7
10.Nd3 c6 11.Bg5 Qb8 12.a3 cxd5 13.cxd5 Rc8 14.f3 b5 15.Qd2 a4 16.Rac1 b4
17.axb4 Nxb4 18.Nxb4 Qxb4 19.Nb5 Qxd2 20.Bxd2 Ne8 21.Rxc8 Rxc8 22.Bc3 Bh6
23.Kf2 f5 24.Ra1 Rb8 25.Na7 fxe4 26.fxe4 Nf6 27.Bf3 Ng4+ 28.Bxg4 Bxg4 29.Rxa4 Rf8+
30.Ke1 Be3 31.h3 Bd7 32.Nc6 Rf2 33.Ra8+ Kg7 34.Rd8 Rf7 35.Bxe5+ dxe5 36.Nxe5 Bb5
37.Nxf7 Kxf7 38.Rb8 Bc4 39.Rc8 Ba6 40.Rc7+ Ke8 41.Rxh7 Bd3 42.d6 Bf4 43.e5 Kd8
44.e6  1-0

[Event "TCh-AUT 1st Bundesliga 2007-8"]
[Site "Jenbach AUT"]
[Date "2008.01.11"]
[Round "5"]
[White "Smolen,J"]
[Black "Schiestl,J"]
[Result "1-0"]
[WhiteElo "2445"]
[BlackElo "2138"]

1.d4 Nf6 2.c4 g6 3.Nc3 Bg7 4.e4 d6 5.Nf3 O-O 6.Be2 e5 7.Be3 Ng4 8.Bg5 f6
9.Bc1 Kh8 10.h3 exd4 11.Nxd4 Ne5 12.f4 Nec6 13.Nc2 f5 14.exf5 Qh4+ 15.Kf1 Bxf5
16.Qe1 Qxe1+ 17.Nxe1 Nd4 18.Bg4 Nbc6 19.Nd5 Rae8 20.Bd2 Rf7 21.Bc3 Nd8 22.Rd1 Re4
23.g3 h5 24.Bxf5 Nxf5 25.Kf2 Rxc4 26.Nf3 Bxc3 27.Nxc3 Ne6 28.Rhe1 Nfd4 29.Re4 c5
30.a3 g5 31.Nd2 b5 32.Nxc4 bxc4 33.Rde1 gxf4 34.Rxe6 fxg3+ 35.Kxg3 Nxe6 36.Rxe6 Rb7
37.Re2 Kg7 38.Kh4 Rf7 39.Kxh5 d5 40.Rg2+  1-0

[Event "ch-BLR"]
[Site "Minsk BLR"]
[Date "2008.01.11"]
[Round "2"]
[White "Lutsko,I"]
[Black "Tihonov,J"]
[Result "1/2-1/2"]
[WhiteElo "2429"]
[BlackElo "2497"]

1.d4 Nf6 2.c4 g6 3.Nc3 Bg7 4.e4 d6 5.Nf3 O-O 6.Be2 e5 7.O-O Na6 8.Re1 c6
9.Bf1 Bg4 10.d5 c5 11.h3 Bd7 12.Nh2 Kh8 13.Bg5 Qb8 14.g4 Ng8 15.Bd3 f6 16.Be3 Bh6
17.Nf1 Bxe3 18.Nxe3 Rf7 19.Ne2 Nc7 20.Kg2 b5 21.cxb5 Nxb5 22.Bxb5 Qxb5 23.Qc2 Ne7
24.Nc4 Qa6 25.f4 Bb5 26.b3 Bxc4 27.bxc4 Rb8 28.Rab1 Rff8 29.Rf1 Rxb1 30.Rxb1 Nc8
31.Rb5 Nb6 32.Qb3 Re8 33.f5 gxf5 34.gxf5 Rg8+ 35.Kf1 Qb7 36.a4 Qg7 37.a5 Nc8
38.Qe3 Qg2+ 39.Ke1 Qg7 40.Qf3 Qc7 41.Qc3 Qf7 42.Qe3 Qg7 43.Kd2 Rf8 44.Kc2 Rg8
45.Kd2 Rf8 46.Rb1 Rg8 47.Rg1 Qc7 48.Rxg8+ Kxg8 49.Qg3+ Kf7 50.Qc3 Ne7 51.Kc2 Qd8
52.Qd2 Qg8 53.Qh6 a6 54.Qh5+ Kf8 55.Kd3 Qg7 56.Qh4 Ng8 57.Qe1 Qb7 58.Kc2 Nh6
59.Qc3 Nf7 60.h4 Nh6 61.Ng3 Ng8 62.Nh5 Qf7 63.Qf3 Nh6 64.Kd1 Ng8 65.Kc2 Nh6  1/2-1/2

[Event "TCh-AUT 1st Bundesliga 2007-8"]
[Site "Jenbach AUT"]
[Date "2008.01.12"]
[Round "6"]
[White "Pilaj,H"]
[Black "Polzin,R"]
[Result "1/2-1/2"]
[WhiteElo "2374"]
[BlackElo "2504"]

1.d4 Nf6 2.c4 g6 3.Nc3 Bg7 4.e4 d6 5.Nf3 O-O 6.Be2 e5 7.Be3 Na6 8.O-O Ng4
9.Bg5 Qe8 10.Re1 h6 11.Bh4 Rb8 12.Bf1 exd4 13.Nd5 g5 14.Bg3 c6 15.Bxd6 cxd5
16.exd5 Qd8 17.c5 Nc7 18.Nxd4 Bd7 19.Be7 Qc8 20.c6 bxc6 21.dxc6 Re8 22.cxd7 Qxd7
23.Nc6 Qxc6 24.Qxg4 Rxb2 25.Ba3 Rd2 26.Rac1 Qf6 27.Rxe8+ Nxe8  1/2-1/2

[Event "6th Parsvnath Open"]
[Site "New Delhi IND"]
[Date "2008.01.13"]
[Round "1"]
[White "Deepak,Ku"]
[Black "Nguyen Anh Dung"]
[Result "0-1"]
[WhiteElo "1932"]
[BlackElo "2525"]

1.d4 Nf6 2.c4 g6 3.Nc3 Bg7 4.e4 d6 5.Nf3 O-O 6.Be2 e5 7.dxe5 dxe5 8.Qxd8 Rxd8
9.Bg5 c6 10.h3 h6 11.Be3 Nh5 12.g3 Be6 13.Nd2 Nd7 14.O-O-O Kh7 15.Bg4 Nf8
16.Bc5 Nf6 17.Bxe6 Nxe6 18.Be3 Ne8 19.h4 Nd4 20.f3 Nc7 21.f4 Nce6 22.h5 g5
23.fxg5 hxg5 24.Rdf1 Rd7 25.Rh2 Rad8 26.Rhf2 f6 27.Rh2 Nc5 28.Rg2 a6 29.Ne2 b5
30.Bxd4 exd4 31.Rf5 Nd3+ 32.Kb1 Ne5 33.cxb5 axb5 34.g4 c5 35.Ng1 c4 36.Ngf3 Nxf3
37.Nxf3 d3 38.Kc1 Re8 39.Nd2 Re5 40.Rgf2 Rde7 41.Rxe5 fxe5 42.Nf3 Kh6 43.Kd2 Rf7
44.Ke3 Bf8 45.Rf1 Bc5+ 46.Kd2 Rf4 47.a3 Rxe4  0-1

[Event "6th Parsvnath Open"]
[Site "New Delhi IND"]
[Date "2008.01.13"]
[Round "2"]
[White "Saravanan,V1"]
[Black "Syed,Nab"]
[Result "1-0"]
[WhiteElo "2379"]
[BlackElo "2081"]

1.Nf3 Nf6 2.c4 g6 3.Nc3 Bg7 4.e4 d6 5.d4 O-O 6.Be2 e5 7.Be3 Nc6 8.d5 Ne7
9.Nd2 Ne8 10.c5 f5 11.f3 Nf6 12.a4 Nh5 13.cxd6 cxd6 14.Nc4 fxe4 15.fxe4 Nf4
16.O-O Nxe2+ 17.Qxe2 b6 18.Rxf8+ Bxf8 19.Nb5 Ba6 20.Rf1 Bxb5 21.axb5 Nc8
22.Qg4 Qe8 23.Qe6+ Qxe6 24.dxe6 Be7 25.Bh6 a6 26.Ne3 d5 27.Nxd5 axb5 28.Rf7  1-0

[Event "ASEAN Masters Circuit GMB"]
[Site "Tarakan INA"]
[Date "2008.01.14"]
[Round "6"]
[White "Gonzales,Jay"]
[Black "Sitanggang,S"]
[Result "1-0"]
[WhiteElo "2455"]
[BlackElo "2410"]

1.c4 Nf6 2.Nf3 d6 3.d4 g6 4.Nc3 Bg7 5.e4 O-O 6.Be2 Na6 7.O-O e5 8.Be3 Ng4
9.Bg5 Qe8 10.dxe5 h6 11.Bc1 dxe5 12.h3 Nf6 13.Be3 b6 14.Nd2 Bb7 15.Qb1 c6
16.b4 Nc7 17.c5 b5 18.a4 a6 19.Nb3 Ne6 20.Rd1 Qb8 21.Ra2 Rd8 22.Rad2 Rxd2
23.Rxd2 Qc7 24.Bf3 Re8 25.Be2 Nf4 26.Bf1 Bf8 27.f3 Rb8 28.Qa1 N6h5 29.Kh2 Bc8
30.axb5 axb5 31.Qd1 Be6 32.Na5 Nf6 33.g3 N4h5 34.Be2 Qc8 35.Bf1 Kh7 36.Ne2 Ng7
37.Bg2 Qe8 38.f4 Bc4 39.Nc3 Ngh5 40.f5 Qc8 41.Qf3 Qc7 42.h4 Be7 43.Bh3 Rg8
44.fxg6+ fxg6 45.g4 Rf8 46.gxh5 Nxh5 47.Qxf8  1-0

[Event "115th ch-NZL"]
[Site "Auckland NZL"]
[Date "2008.01.15"]
[Round "1"]
[White "Lukey,S"]
[Black "Bennett,H"]
[Result "1-0"]
[WhiteElo "2283"]
[BlackElo "2094"]

1.d4 Nf6 2.Nf3 g6 3.c4 Bg7 4.Nc3 O-O 5.e4 d6 6.Be2 e5 7.O-O Na6 8.Be3 Ng4
9.Bg5 Qe8 10.dxe5 dxe5 11.h3 f6 12.Bd2 Nh6 13.c5 Nxc5 14.Qc1 Nf7 15.Nd5 Ne6
16.Bb4 Nf4 17.Nxf4 exf4 18.Qxc7 Nd8 19.Bxf8 Ne6 20.Bc4 Kxf8 21.Qd6+ Qe7 22.Qd5 Qc5
23.Qd3 Ke7 24.Rfd1 Qb6 25.Rac1 Nc5 26.Qa3 Ke8 27.e5 Bf8 28.exf6 Qxf6 29.Bb5+ Bd7
30.Bxd7+ Nxd7 31.Qa4 Rd8 32.Rxd7 Rxd7 33.Rc8+ Ke7 34.Qe4+  1-0

[Event "ch-BLR"]
[Site "Minsk BLR"]
[Date "2008.01.17"]
[Round "8"]
[White "Podolchenko,E"]
[Black "Zhigalko,A"]
[Result "0-1"]
[WhiteElo "2467"]
[BlackElo "2556"]

1.d4 Nf6 2.c4 g6 3.Nc3 Bg7 4.e4 d6 5.Nf3 O-O 6.Be2 e5 7.O-O exd4 8.Nxd4 Re8
9.f3 c6 10.Re1 a6 11.Bf1 b5 12.Be3 b4 13.Nce2 d5 14.cxd5 cxd5 15.e5 Rxe5
16.Qd2 a5 17.Kh1 Ba6 18.Rac1 Re7 19.Bf4 Rb7 20.g4 Qf8 21.Bg2 Nbd7 22.Ng3 Nc5
23.Re3 Re8 24.Rce1 Nd3 25.g5 Ne4 26.fxe4 Nxf4 27.exd5 Rxe3 28.Rxe3 Rd7 29.Nde2 Nxg2
30.Kxg2 Bb7 31.Nf4 h6 32.h4 hxg5 33.hxg5 Qd8 34.Ne4 Bxd5 35.Nxd5 Rxd5 36.Qe2 Kf8
37.b3 Be5 38.Qg4 Rd3 39.Qh3 Rxe3 40.Qxe3 Kg7 41.Nd2 Qd5+ 42.Nf3 Bc3 43.Qe2 Kf8
44.Kg3 Qd6+ 45.Kg2 Qf4 46.Qd3 Kg7 47.Qd5 Qc7 48.Kf2 Ba1 49.Qd2 Qc5+ 50.Kg2 Qf5
51.Kf2 Qb1 52.Kg2 Bb2 53.Ne1 Bc3  0-1

[Event "ch-CRO"]
[Site "Split CRO"]
[Date "2008.01.18"]
[Round "3"]
[White "Kozul,Z"]
[Black "Saric,Iv"]
[Result "1/2-1/2"]
[WhiteElo "2600"]
[BlackElo "2482"]

1.d4 Nf6 2.Nf3 g6 3.c4 Bg7 4.Nc3 O-O 5.e4 d6 6.Be2 e5 7.O-O Na6 8.Re1 c6
9.Bf1 exd4 10.Nxd4 Ng4 11.h3 Qb6 12.hxg4 Qxd4 13.g5 Qxd1 14.Rxd1 Nc5 15.f3 Be5
16.Rb1 f6 17.gxf6 Rxf6 18.Ne2 Ne6 19.b4 a6 20.Bb2 Kf7 21.Bxe5 dxe5 22.Nc1 Nf8
23.Nb3 Ke7 24.c5 Rb8 25.Na5 g5 26.Rd2 g4 27.fxg4 Bxg4 28.a4 Nd7 29.Rc2 Rg6
30.b5 axb5 31.axb5 cxb5 32.Bxb5 Bf3 33.Bd3 Rbg8 34.Rbb2 b6 35.cxb6 Rxb6 36.Rxb6 Nxb6
37.Nc6+ Kd6 38.Nb4 Nc8 39.Kh2 Bg4 40.Rc6+ Kd7 41.Rh6 Rg7 42.Nc6 Rg5 43.Nb8+ Kc7
44.Na6+ Kd8 45.Rxh7 Rh5+ 46.Rxh5 Bxh5 47.Kg3 Ke7 48.Kh4 Bd1 49.Kg5 Kd6 50.Nb4 Kc5
51.Nc2 Ne7 52.Kf6 Nc6 53.Ne3 Bb3 54.Bc2 Ba2 55.g4 Nb4 56.g5 Nxc2 57.Nxc2 Bb1
58.Ne3 Bxe4 59.Nf5 Bd5 60.Kxe5 Ba2 61.g6 Kc6 62.Kf6 Kd7 63.g7 Bb3 64.Ng3 Ba2
65.Ne4 Bg8 66.Nc5+ Ke8 67.Ne6 Kd7 68.Nf8+ Ke8 69.Ng6 Kd7 70.Ne7 Ba2 71.Nf5 Bb3  1/2-1/2

[Event "6th Parsvnath Open"]
[Site "New Delhi IND"]
[Date "2008.01.19"]
[Round "9"]
[White "Syed,Nab"]
[Black "Wajih,N"]
[Result "1-0"]
[WhiteElo "2081"]
[BlackElo "2255"]

1.Nf3 Nf6 2.c4 g6 3.d4 Bg7 4.Nc3 O-O 5.e4 d6 6.Be2 e5 7.Be3 Nc6 8.d5 Ne7
9.Nd2 Nd7 10.b4 f5 11.f3 Nf6 12.c5 Nh5 13.cxd6 cxd6 14.O-O Nf4 15.Nc4 g5
16.Nb5 Rf6 17.Bxa7 Rxa7 18.Nxa7 Bd7 19.a4 Rh6 20.Nb5 g4 21.g3 Nh3+ 22.Kg2 gxf3+
23.Bxf3 fxe4 24.Bg4 Bxg4 25.Qxg4 Nxd5 26.Qxe4 Ndf4+ 27.Kh1 d5 28.Rad1 Qc8
29.Nbd6 Qc5 30.Qe3 Qxe3 31.Nxe3 Rxd6 32.gxf4 Nxf4 33.Nf5 Rd7 34.Rg1 Ng6 35.h4 Kf8
36.Nxg7 Rxg7 37.Rxd5 Re7 38.h5 Nf4 39.Rd8+ Kf7 40.Rh8 Ke6 41.h6 Ng6 42.Rg8 Rd7
43.Rg7 Rd4 44.R1xg6+ hxg6 45.h7 Rh4+ 46.Kg2 b6 47.a5  1-0

[Event "ASEAN Masters Circuit GMB"]
[Site "Tarakan INA"]
[Date "2008.01.19"]
[Round "11"]
[White "Barbosa,O PHI"]
[Black "Prayitno,S"]
[Result "0-1"]
[WhiteElo "2410"]
[BlackElo "2312"]

1.d4 Nf6 2.c4 g6 3.Nc3 Bg7 4.Nf3 d6 5.e4 O-O 6.Be2 e5 7.O-O Nh5 8.d5 Nf4
9.Bxf4 exf4 10.Qd2 g5 11.Nd4 Be5 12.Rfd1 a6 13.Rac1 Qf6 14.b4 f3 15.Bxf3 Bf4
16.Qc2 Bxc1 17.Qxc1 h6 18.c5 Nd7 19.Na4 Qd8 20.Nf5 Ne5 21.Be2 Bxf5 22.exf5 Re8
23.c6 Nxc6 24.dxc6 Rxe2 25.cxb7 Rb8 26.Qc4 Qe8 27.Kf1 Re4 28.Qxc7 Qb5+ 29.Kg1 Rxb7
30.Qc8+ Re8 31.Qc2 Qxb4 32.g3 Rbe7 33.Kg2 Re2 34.Qc6 Rd8 35.Qf3 Rxa2 36.Nc3 Ra3
37.Rd3 Qc4 38.Re3 g4  0-1

[Event "TCh-BEL 2007-8"]
[Site "Belgium BEL"]
[Date "2008.01.20"]
[Round "7"]
[White "Lacrosse,M"]
[Black "Laurent,B"]
[Result "1/2-1/2"]
[WhiteElo "2259"]
[BlackElo "2359"]

1.d4 Nf6 2.c4 g6 3.Nc3 Bg7 4.e4 d6 5.Nf3 O-O 6.Be2 Na6 7.O-O e5 8.Be3 Ng4
9.Bg5 Qe8 10.h3 f6 11.Bc1 Nh6 12.Rb1 Nf7 13.Be3 f5 14.dxe5 fxe4 15.Nxe4 Bf5
16.Nfd2 Qxe5 17.Bf3 c6 18.g4 Be6 19.Bg2 Qa5 20.a3 d5 21.Nb3 Qc7 22.Nec5 Nxc5
23.Nxc5 Bc8 24.cxd5 Rd8 25.Qb3 Kh8 26.Rbd1 cxd5 27.Rxd5 Re8 28.Rfd1 Ne5 29.Bd4 Rb8
30.f4 b6 31.Bxe5 Bxe5 32.fxe5 bxc5 33.Qc3 c4 34.e6+ Qg7 35.e7 Qxc3 36.bxc3 Rxe7
37.Rd8+ Kg7 38.g5 h6 39.h4 hxg5 40.hxg5 Re5  1/2-1/2

[Event "ch-CRO"]
[Site "Split CRO"]
[Date "2008.01.21"]
[Round "6"]
[White "Cvitan,O"]
[Black "Kozul,Z"]
[Result "1/2-1/2"]
[WhiteElo "2535"]
[BlackElo "2600"]

1.d4 Nf6 2.c4 g6 3.Nc3 Bg7 4.e4 d6 5.Be2 O-O 6.Nf3 c6 7.O-O e5 8.d5 Na6 9.Bg5 h6
10.Bh4 g5 11.Bg3 Nh5 12.c5 Nxc5 13.b4 Nd7 14.dxc6 bxc6 15.Qxd6 Nf4 16.Qxc6 Nb6
17.Rad1 Bd7 18.Qb7 Qc8 19.Qxc8 Rfxc8 20.Bxf4 exf4 21.Bb5 Bxb5 22.Nxb5 Rc4
23.a3 Rxe4 24.h3 Bf8 25.Nc7 Rc8 26.Nd5 Bg7 27.Nxb6 axb6 28.Rd6 Re6 29.Rfd1 Rxd6
30.Rxd6 Rc1+ 31.Kh2 Ra1 32.Nd4 Bxd4 33.Rxd4 Rxa3 34.Rd6 Kg7 35.Rxb6 Ra2 36.f3 Rb2
37.b5 h5 38.Kg1 Rb1+ 39.Kf2 Rb2+ 40.Kf1 Rb1+ 41.Kf2 Rb2+  1/2-1/2

[Event "Winter Open"]
[Site "Belgrade SRB"]
[Date "2008.01.22"]
[Round "1"]
[White "Maksimovic,Ma"]
[Black "Brenjo,S"]
[Result "0-1"]
[WhiteElo "2127"]
[BlackElo "2486"]

1.d4 Nf6 2.c4 g6 3.Nc3 Bg7 4.e4 d6 5.Nf3 O-O 6.Be2 e5 7.Be3 h6 8.d5 Ng4 9.Bc1 f5
10.h3 Nf6 11.Nd2 Nbd7 12.g4 a5 13.Qc2 Nc5 14.f3 Nh7 15.Nb3 Qh4+ 16.Kd1 fxg4
17.fxg4 Nf6 18.Nxc5 dxc5 19.Be3 Nxg4 20.Bxc5 Nf2+ 21.Bxf2 Rxf2 22.Qd3 Bd7
23.Kc2 Raf8 24.Rag1 Kh7 25.Rg3 h5 26.Rhg1 R8f6 27.Rg5 Bxh3 28.Nd1 Rh2 29.Ne3 Rxe2+
30.Qxe2 Rf2 31.Qxf2 Qxf2+ 32.Kd3 Bh6  0-1

[Event "Winter Open"]
[Site "Belgrade SRB"]
[Date "2008.01.22"]
[Round "1"]
[White "Scepanovic,R"]
[Black "Lukovic,V"]
[Result "1/2-1/2"]
[WhiteElo "2284"]
[BlackElo "1943"]

1.d4 Nf6 2.c4 g6 3.Nc3 Bg7 4.e4 O-O 5.Nf3 d6 6.Be2 e5 7.Be3 exd4 8.Nxd4 Re8
9.f3 c6 10.Bf2 d5 11.exd5 cxd5 12.O-O Nc6 13.c5 Qe7 14.a3 Bh6 15.Bb5 Bd7
16.Re1 Qf8 17.Qa4 Bd2 18.Rxe8 Qxe8 19.Nc2 Qe5 20.Bg3 Qf5 21.Rd1 d4 22.Rxd2 dxc3
23.bxc3 Qxc5+ 24.Bf2 Qxc3 25.Qf4 Bf5 26.Bxc6 Qxc6 27.Ne3 Re8 28.g4 Bc8 29.Kg2 Nd7
30.Nd5 Qe6 31.Qh6 Qd6 32.g5 Qf8 33.Qh4 b6 34.Bd4 Bb7 35.Nf6+ Nxf6 36.Bxf6 Qxa3
37.Rf2 Re2 38.Qf4 Rxf2+ 39.Kxf2 Qc5+ 40.Bd4 Qc2+ 41.Kg3 Qf5 42.Qb8+ Bc8 43.Bf6 Qd7
44.Qe5 Qe6 45.Qb8 Qe1+ 46.Kg2 Qe2+ 47.Kg3 Qe1+ 48.Kg2  1/2-1/2

[Event "Winter Open"]
[Site "Belgrade SRB"]
[Date "2008.01.23"]
[Round "2"]
[White "Pavlovic,MilosM"]
[Black "Starcevic,G"]
[Result "1-0"]
[WhiteElo "2457"]
[BlackElo "2236"]

1.Nf3 Nf6 2.c4 g6 3.Nc3 Bg7 4.e4 d6 5.d4 O-O 6.Be2 e5 7.O-O Nbd7 8.Be3 c6
9.d5 c5 10.Ne1 Ne8 11.g4 a6 12.Kh1 Kh8 13.Rg1 Rb8 14.Nd3 Nb6 15.b3 f5 16.f3 Nf6
17.Nf2 f4 18.Bd2 h6 19.a3 Nh7 20.b4 Qc7 21.Qb3 Nd7 22.Nd3 b6 23.Rab1 Rb7
24.bxc5 Nxc5 25.Nxc5 bxc5 26.Qa4 Ng5 27.Rxb7 Bxb7 28.Kg2 Bc8 29.h4 Nf7 30.Rh1 Kg8
31.Be1 Qb6 32.Bf2 Qb2 33.Qa5 Bf6 34.Rb1 Qc2 35.Be1 Bxg4 36.fxg4 f3+ 37.Kxf3 Ng5+
38.Ke3  1-0

[Event "GMA1"]
[Site "Marianske Lazne CZE"]
[Date "2008.01.23"]
[Round "5"]
[White "Brener,I"]
[Black "Cerveny,P"]
[Result "1-0"]
[WhiteElo "2394"]
[BlackElo "2403"]

1.Nf3 Nf6 2.c4 g6 3.Nc3 Bg7 4.e4 d6 5.d4 O-O 6.Be2 e5 7.Be3 Na6 8.O-O Ng4
9.Bg5 Qe8 10.h3 exd4 11.Nxd4 h6 12.Bc1 Nf6 13.Bf3 Nh7 14.g4 h5 15.Be3 Qd8
16.Kg2 Ng5 17.Be2 Nc5 18.f3 Nge6 19.Nxe6 Bxe6 20.Qd2 f5 21.exf5 gxf5 22.Nd5 hxg4
23.hxg4 Qd7 24.g5 Qd8 25.Rh1 c6 26.Nf6+ Bxf6 27.gxf6 Rxf6 28.Rag1 Rg6+ 29.Kf1 Rxg1+
30.Rxg1+ Kf7 31.Bh6 Ke8 32.b4 Nd7 33.Qxd6 Qe7 34.c5 Qxd6 35.cxd6 Ne5 36.Bf4 Nd7
37.Rg7 Bf7 38.Bd3 Nf8 39.Bxf5 Rd8 40.Kf2 a5 41.bxa5 Ra8 42.d7+ Nxd7 43.Bxd7+ Kf8
44.Bh6 Rd8 45.Rg1+ Ke7 46.Bg5+ Kxd7 47.Bxd8 Kxd8 48.a3 Bc4 49.Ke3 Ba6 50.Kd4 Ke7
51.Ke5 Kf7 52.Rc1  1-0